Derechos, seguridad y policía /

Guardado en:
Autor Principal: Anitua, Gabriel I.
Formato: Libro
Idioma:Undetermined
Publicado: Buenos Aires : Ad-Hoc, 2009.
Edición:1a. ed.
Materias:
Etiquetas: Agregar Etiqueta
Sin Etiquetas, Sea el primero en etiquetar este registro!
LEADER 00452nam a22001575a 4500
001 DER.der015193
008 250519s2009####ag############000#0#und#d
005 20250519150013.0
245 1 0 |a Derechos, seguridad y policía /  |c Gabriel I. Anitua. 
250 |a 1a. ed. 
260 |a Buenos Aires :  |b Ad-Hoc,  |c 2009. 
300 |a 183 p. 
020 |a 9789508947253 
100 1 |a Anitua, Gabriel I. 
650 7 |a DERECHO PENAL 
859 |a DERECHO  |b BIB. DERECHO  |h 345.05  |i ANI  |p 0010589